000 00525nam a2200205Ia 4500
003 GCL
008 140319s9999 xx 000 0 eng d
040 _aGCL /
_cGCL
082 0 4 _a930.15357
_bF D
100 1 _aFAIRSERVICE, IAN
245 1 0 _aDUBAI: GATEWAY TO THE GULF /
_cFAIRSERVICE, IAN
260 _a[S.N] :
_bCOMMERCIAL BOOK OF DUBAI ،
_c1986
650 0 4 _aARCHAEOLOGY
650 0 4 _aCOMMERCE
650 0 4 _aINDUSTRY
650 0 4 _aHOTELS
650 0 4 _aUNITED ARAB EMIRATES
650 0 4 _aDUBAI
942 _2ddc
_cBK
999 _c22216
_d22216